Piate storočie chorvátov na Slovensku

Bibliographic Details
Main Author: Pokorný, Viliam (Author)
Format: Article
Language:Slovak
ISBN:8096849212

MARC

LEADER 00000naa a2200000uu 4500
001 vtls011048207
003 SK-MaSNL
005 20260302115057.0
008 210904|2000 xo |||||||||||||||||slo|
015 |a SNBRA 
035 |a (urnnbn)urn:nbn:sk:snk:ar-0095r5 
035 |a (uuid)edcfd6ba-da66-4524-a94c-48ba0bac1733 
035 |a urn:nbn:sk:snk-aauzat 
040 |a SNKBUCL  |b slo  |c SNKBUCL  |e AACR2 
041 0 |a slo 
044 |a xo  |c SK 
100 1 |a Pokorný, Viliam  |4 aut  |9 267949 
245 1 0 |a Piate storočie chorvátov na Slovensku  |c VILIAM POKORNÝ 
773 0 |t Oživená ratolesť  |d Bratislava : Clara Design Studio], 2000  |g S. 15-20  |z 8096849212 
958 |a OND 
958 |a article12 
958 |a chapter 
999 |c 1262921  |d 1264851